书目信息 |
| 题名: |
考博英语词汇分级考点详注
|
|
| 作者: | ;博士研究生入学英语考试命题研究组 编著 | |
| 分册: | [2017] | |
| 出版信息: | 北京 中国人民大学出版社 2016 |
|
| 页数: | 482页 | |
| 开本: | 26cm | |
| 丛书名: | 全国多所博士招生院校指定用书 | |
| 单 册: | ||
| 中图分类: | H319.34 , H319.3 | |
| 科图分类: | ||
| 主题词: | 英语--ying yu--词汇--研究生--入学考试--升学参考资料 | |
| 电子资源: | ||
| ISBN: | 978-7-300-22806-8 | |
| 000 | 01232nam 2200277 450 | |
| 001 | 1656070867 | |
| 005 | 20160523131439.1 | |
| 010 | @a978-7-300-22806-8@dCNY59.00 | |
| 100 | @a20160518d2016 em y0chiy50 ea | |
| 101 | 0 | @achi@aeng |
| 102 | @aCN@b110000 | |
| 105 | @ay z 000yy | |
| 106 | @ar | |
| 200 | 1 | @a考博英语词汇分级考点详注@Akao bo ying yu ci hui fen ji kao dian xiang zhu@h[2017]@f博士研究生入学英语考试命题研究组编著 |
| 210 | @a北京@c中国人民大学出版社@d2016 | |
| 215 | @a482页@d26cm | |
| 225 | 2 | @a全国多所博士招生院校指定用书@Aquan guo duo suo bo shi zhao sheng yuan xiao zhi ding yong shu |
| 304 | @a分辑号取自封面 | |
| 330 | @a本书是为参加2017年博士生入学考试的考生专门编写的辅导资料, 包括博士生入学考试基本词汇及其衍生词汇共计万余个。每个单词均给出了音标和详细的注解, 并包括与考试相关的习惯用语和典型例句考生在记忆单词的同时可以掌握习惯用语和常用例句。 | |
| 410 | 0 | @12001 @a全国多所博士招生院校指定用书 |
| 606 | 0 | @a英语@Aying yu@x词汇@x研究生@x入学考试@j升学参考资料 |
| 690 | @aH319.34@v5 | |
| 690 | @aH319.3@v4 | |
| 711 | 02 | @a博士研究生入学英语考试命题研究组@Abo shi yan jiu sheng ru xue ying yu kao shi ming ti yan jiu zu@4编著 |
| 801 | 0 | @aCN@b人天书店@c20160518 |
| 905 | @aBZT@dH319.3@e14 | |
| 考博英语词汇分级考点详注.[2017]/博士研究生入学英语考试命题研究组编著.-北京:中国人民大学出版社,2016 |
| 482页;26cm.-(全国多所博士招生院校指定用书) |
| ISBN 978-7-300-22806-8:CNY59.00 |
| 本书是为参加2017年博士生入学考试的考生专门编写的辅导资料, 包括博士生入学考试基本词汇及其衍生词汇共计万余个。每个单词均给出了音标和详细的注解, 并包括与考试相关的习惯用语和典型例句考生在记忆单词的同时可以掌握习惯用语和常用例句。 |
| ● |
| 相关链接 |
|
|
|
正题名:考博英语词汇分级考点详注
索取号:H319.3/14
 
预约/预借
| 序号 | 登录号 | 条形码 | 馆藏地/架位号 | 状态 | 备注 |
| 1 | 816011 | 2000816011 | 第二书库/ [索取号:H319.3/14] | 在馆 | |
| 2 | 816012 | 2000816012 | 第二书库/ [索取号:H319.3/14] | 在馆 |